MARC details
| 000 -LEADER |
| fixed length control field |
02464cam a2200625 i 4500 |
| 001 - CONTROL NUMBER |
| control field |
ocn892701406 |
| 003 - CONTROL NUMBER IDENTIFIER |
| control field |
OCoLC |
| 005 - DATE AND TIME OF LATEST TRANSACTION |
| control field |
20200320200403.0 |
| 008 - FIXED-LENGTH DATA ELEMENTS--GENERAL INFORMATION |
| fixed length control field |
141009t20152014nyua j 000 1 eng c |
| 010 ## - LIBRARY OF CONGRESS CONTROL NUMBER |
| Canceled/invalid LC control number |
2013017903 |
| 020 ## - INTERNATIONAL STANDARD BOOK NUMBER |
| International Standard Book Number |
9781442478350 |
| Qualifying information |
(paperback) |
| 020 ## - INTERNATIONAL STANDARD BOOK NUMBER |
| International Standard Book Number |
1442478357 |
| Qualifying information |
(paperback) |
| 020 ## - INTERNATIONAL STANDARD BOOK NUMBER |
| Terms of availability |
17.96 |
| 035 ## - SYSTEM CONTROL NUMBER |
| System control number |
(OCoLC)892701406 |
| 040 ## - CATALOGING SOURCE |
| Original cataloging agency |
YDXCP |
| Language of cataloging |
eng |
| Description conventions |
rda |
| Transcribing agency |
YDXCP |
| Modifying agency |
BTCTA |
| -- |
BDX |
| -- |
OCLCQ |
| -- |
NYP |
| -- |
OCLCO |
| -- |
OCLCF |
| -- |
OCLCO |
| -- |
OCLCQ |
| -- |
OU9 |
| -- |
TXM |
| -- |
OCLCO |
| -- |
WACOL |
| 042 ## - AUTHENTICATION CODE |
| Authentication code |
pcc |
| 049 ## - LOCAL HOLDINGS (OCLC) |
| Holding library |
WACL |
| 050 #4 - LIBRARY OF CONGRESS CALL NUMBER |
| Classification number |
PZ7.M4784675 |
| Item number |
Sw 2015 |
| 082 #4 - DEWEY DECIMAL CLASSIFICATION NUMBER |
| Classification number |
[E] |
| 092 ## - LOCALLY ASSIGNED DEWEY CALL NUMBER (OCLC) |
| Classification number |
E |
| Item number |
McG |
| 100 1# - MAIN ENTRY--PERSONAL NAME |
| Personal name |
McGhee, Alison, |
| Dates associated with a name |
1960- |
| Relator term |
author. |
| 9 (RLIN) |
45974 |
| 245 14 - TITLE STATEMENT |
| Title |
The sweetest witch around / |
| Statement of responsibility, etc |
Alison McGhee ; illustrations by Harry Bliss. |
| 250 ## - EDITION STATEMENT |
| Edition statement |
First Simon & Schuster books for Young Readers paperback edition. |
| 264 #1 - Production, Publication, Distribution, Manufacture, and Copyright Notice. |
| Place of production, publication, distribution, manufacture |
New York : |
| Name of producer, publisher, distributor, manufacturer |
Simon & Schuster Books for Young Readers, |
| Date of production, publication, distribution, manufacture, or copyr |
2015. |
| 264 #4 - Production, Publication, Distribution, Manufacture, and Copyright Notice. |
| Date of production, publication, distribution, manufacture, or copyr |
©2014 |
| 300 ## - PHYSICAL DESCRIPTION |
| Extent |
1 volume (unpaged) : |
| Other physical details |
color illustrations ; |
| Dimensions |
24 x 27 cm |
| 336 ## - Content Type |
| Content type term |
text |
| 336 ## - Content Type |
| Content type term |
still image |
| 337 ## - Media type |
| Media type term |
unmediated |
| 338 ## - Carrier type |
| Carrier type term |
volume |
| 500 ## - GENERAL NOTE |
| General note |
"A Paula Wiseman Book." |
| 520 ## - SUMMARY, ETC. |
| Summary, etc |
On Halloween, a little witch and her baby sister study humans and their mysterious ways. |
| 521 1# - TARGET AUDIENCE NOTE |
| Target audience note |
Ages 4-8. |
| 650 #0 - SUBJECT ADDED ENTRY--TOPICAL TERM |
| Topical term or geographic name as entry element |
Witches |
| Form subdivision |
Juvenile fiction. |
| 9 (RLIN) |
5673737 |
| 650 #0 - SUBJECT ADDED ENTRY--TOPICAL TERM |
| Topical term or geographic name as entry element |
Sisters |
| Form subdivision |
Juvenile fiction. |
| 9 (RLIN) |
5674652 |
| 650 #0 - SUBJECT ADDED ENTRY--TOPICAL TERM |
| Topical term or geographic name as entry element |
Halloween |
| Form subdivision |
Juvenile fiction. |
| 9 (RLIN) |
5917587 |
| 650 #0 - SUBJECT ADDED ENTRY--TOPICAL TERM |
| Topical term or geographic name as entry element |
Picture books for children. |
| 9 (RLIN) |
5917588 |
| 650 #1 - SUBJECT ADDED ENTRY--TOPICAL TERM |
| Topical term or geographic name as entry element |
Witches |
| Form subdivision |
Fiction. |
| 9 (RLIN) |
5673734 |
| 650 #1 - SUBJECT ADDED ENTRY--TOPICAL TERM |
| Topical term or geographic name as entry element |
Sisters |
| Form subdivision |
Fiction. |
| 9 (RLIN) |
5674091 |
| 650 #1 - SUBJECT ADDED ENTRY--TOPICAL TERM |
| Topical term or geographic name as entry element |
Halloween |
| Form subdivision |
Fiction. |
| 9 (RLIN) |
5684667 |
| 650 #7 - SUBJECT ADDED ENTRY--TOPICAL TERM |
| Topical term or geographic name as entry element |
Halloween. |
| Source of heading or term |
fast |
| -- |
(OCoLC)fst00950624 |
| 9 (RLIN) |
5917589 |
| 650 #7 - SUBJECT ADDED ENTRY--TOPICAL TERM |
| Topical term or geographic name as entry element |
Picture books for children. |
| Source of heading or term |
fast |
| -- |
(OCoLC)fst01063717 |
| 9 (RLIN) |
5917588 |
| 650 #7 - SUBJECT ADDED ENTRY--TOPICAL TERM |
| Topical term or geographic name as entry element |
Sisters. |
| Source of heading or term |
fast |
| -- |
(OCoLC)fst01119758 |
| 9 (RLIN) |
5917590 |
| 650 #7 - SUBJECT ADDED ENTRY--TOPICAL TERM |
| Topical term or geographic name as entry element |
Witches. |
| Source of heading or term |
fast |
| -- |
(OCoLC)fst01176346 |
| 9 (RLIN) |
5917591 |
| 655 #7 - INDEX TERM--GENRE/FORM |
| Genre/form data or focus term |
Fiction. |
| Source of term |
fast |
| -- |
(OCoLC)fst01423787 |
| 9 (RLIN) |
5673940 |
| 655 #7 - INDEX TERM--GENRE/FORM |
| Genre/form data or focus term |
Juvenile works. |
| Source of term |
fast |
| -- |
(OCoLC)fst01411637 |
| 9 (RLIN) |
5673941 |
| 700 1# - ADDED ENTRY--PERSONAL NAME |
| Personal name |
Bliss, Harry, |
| Dates associated with a name |
1964- |
| Relator term |
illustrator. |
| 9 (RLIN) |
425 |
| 938 ## - |
| -- |
Brodart |
| -- |
BROD |
| -- |
111225906 |
| 938 ## - |
| -- |
Baker and Taylor |
| -- |
BTCP |
| -- |
BK0015793816 |
| 938 ## - |
| -- |
YBP Library Services |
| -- |
YANK |
| -- |
12108471 |
| 942 ## - ADDED ENTRY ELEMENTS (KOHA) |
| Koha item type |
BOOK |
| 948 ## - LOCAL PROCESSING INFORMATION (OCLC); SERIES PART DESIGNATOR (RLIN) |
| Series part designator, SPT (RLIN) |
08/24/2016 |
| b (OCLC) |
08/24/2016 |
| z (OCLC) |
Sirsi |
| 994 ## - |
| -- |
C0 |
| -- |
WACOL |
| 996 ## - |
| -- |
133422 |
| -- |
34301001344888 |
| -- |
E |
| -- |
bk |
| -- |
wcl |
| -- |
i |
| -- |
24 |
| -- |
15.96 |
| -- |
penworthy |
| -- |
McG |
| -- |
08/24/2016 |
| -- |
02/05/2020 |
| -- |
01/23/2020 |